banner koha

Rendimento das cultivares precoces de trigo recomendadas para cultivo no Rio Grande do Sul em 1979 [Triticum spp; Brasil] (Registro n. 270295)

MARC details
000 -LÍDER
campo de controle de tamanho fixo 01280nac a22003497a 4500
001 - NÚMERO DE CONTROLE
campo de controle BR8000205
003 - IDENTIFICADOR DO NÚMERO DE CONTROLE
campo de controle BR-BrBNA
005 - DATA E HORÁRIO DA ÚLTIMA TRANSAÇÃO
campo de controle 20240105114613.0
008 - CAMPO DE DADOS FIXOS--INFORMAÇÃO GERAL
campo de controle de tamanho fixo 230509b bl.|||m| |||| 00| 0 por d
040 ## - FONTE DA CATALOGAÇÃO
Instituição da catalogação original BR-BrBNA
Idioma da catalogação por
Instituição que transcreveu o registro Biblioteca Nacional de Agricultura
072 ## - CÓDIGO DE CATEGORIA DE ASSUNTO
Código de Categoria de Assunto F30
090 ## - NÚMERO DE CHAMADA LOCAL
Número de chamada 0180 BR8000205
100 1# - ENTRADA PRINCIPAL--NOME PESSOAL
Nome pessoal Moreira, J.C.S.
100 1# - ENTRADA PRINCIPAL--NOME PESSOAL
Nome pessoal Medeiros, M.C.
100 1# - ENTRADA PRINCIPAL--NOME PESSOAL
Nome pessoal Sousa, C.N.A. de
100 1# - ENTRADA PRINCIPAL--NOME PESSOAL
Nome pessoal Dotto, S.R.
100 1# - ENTRADA PRINCIPAL--NOME PESSOAL
Nome pessoal Gomes, E.P.
110 1# - ENTRADA PRINCIPAL--NOME CORPORATIVO
Nome corporativo ou nome da jurisdição Centro Nacional de Pesquisa de Trigo, Passo Fundo, RS (Brasil)
245 1# - TÍTULO
Título Rendimento das cultivares precoces de trigo recomendadas para cultivo no Rio Grande do Sul em 1979 [Triticum spp; Brasil]
246 1# - FORMA VARIANTE DO TÍTULO
Título/título abreviado [Yield of the early wheat cultivars recommended for planting in Rio Grande do Sul in 1979 [Triticum spp; Brazil]]
260 3# - PUBLICAÇÃO, DISTRIBUIÇÃO, ETC.
Local de publicação, distribuição, etc. Passo Fundo, RS (Brasil):
Data da publicação, distribuição, etc. Oct 1979.
300 ## - DESCRIÇÃO FÍSICA
Extensão 28 p.
490 ## - TÍTULO DA SÉRIE
Título da série Boletim Tecnico - Centro Nacional de Pesquisa de Trigo (Brazil)
Número do volume ou designação sequencial da série no. 5
ISSN - International Standard Serial Number ISSN 0100-5359
500 ## - NOTA GERAL
Nota geral Numerical data; Summaries (En, Pt)
650 ## - ASSUNTO--TERMO TÓPICO
Cabeçalho tópico ou nome geográfico Melhoramento genetico vegetal
650 ## - ASSUNTO--TERMO TÓPICO
Cabeçalho tópico ou nome geográfico Trigo
650 ## - ASSUNTO--TERMO TÓPICO
Cabeçalho tópico ou nome geográfico Comportamento de variedade
650 ## - ASSUNTO--TERMO TÓPICO
Cabeçalho tópico ou nome geográfico Rendimento
650 ## - ASSUNTO--TERMO TÓPICO
Cabeçalho tópico ou nome geográfico Rio Grande do Sul
909 ## -
-- 202312
-- Lúcia Elande
-- 55
-- Lúcia Elande
942 ## - ELEMENTOS DE ENTRADA ADICIONADOS (KOHA)
Fonte da classificação ou esquema de arquivamento na estante Classificação AGRIS
Ocultar no OPAC Não
Tipo de material Koha Monografia Seriada
Exemplares
Situação do descarte Fonte da classificação ou esquema de arquivamento na estante Situação física Não pode ser emprestado Coleção Biblioteca de origem Biblioteca atual Localização na estante Total de empréstimos Número de telefone completo Código de barras Data de último acesso Tipo de material Koha Fonte de aquisição
  Classificação AGRIS       Biblioteca Nacional de Agricultura - Binagri Biblioteca Nacional de Agricultura - Binagri Agrobase - Acervo Geral   0180 BR8000205 0180 BR8000205 18/12/2023 Monografia Seriada Portaria Interministerial nº 164/94

BINAGRI

Telefone: (61)3218-2567/2388/3357/2097 - binagri@agro.gov.br

Ministério da Agricultura e Pecuária , Esplanada dos Ministérios, Bloco D, Anexo B, Brasília/DF, CEP: 70.043-900